000 01044nam a2200277 i 4500
001 bg
100 1 _aSynoradzki, Ludwik.
245 0 _aChemia i technologia bezwodników i kwasów acylowinowych =
_bChemistry and technology of acyltartaric anhydrides and acids /
_cLudwik Synoradzki.
260 _aWarszawa :
_bOficyna Wydawnicza Politechniki Warszawskiej,
_c2007.
300 _a208 s., [1] k. tabl. złoż. :
_bil. (w tym kolor.) ;
_c24 cm.
490 1 _aPrace Naukowe / Politechnika Warszawska. Chemia,
_x0137-2300 ;
_vz. 76
500 _aTyt. nagł. serii : Prace Naukowe Politechniki Warszawskiej.
504 _aBibliogr. s. 197-204.
546 _aStreszcz. ang.
650 9 _aTechnologia chemiczna organiczna
650 9 _aKwasy organiczne
650 9 _aKwas winowy
830 0 _aPrace Naukowe - Politechnika Warszawska.
_pChemia,
_x0137-2300 ;
_vz. 76
022 _a01372300
040 _cBPK
041 0 _apol
_beng
044 _aPOL
080 _a66.01/.09:547
942 _cKS
008 s pl f |000 0 pol
999 _c55077
_d55077
856 _uhttp://koha.tu.koszalin.pl/cgi-bin/koha/opac-detail.pl?biblionumber=55077
_yKatalog online BPK